000 00280nam a22001217a 4500
008 181030b xxu||||| |||| 00| 0 eng d
041 _aeng
080 _a610.73
100 _a2
101 _aINF
245 _a5 Cardiovascular Critical Care Nursing
_cWoods, S.L
942 _2udc
_cBK
999 _c51121
_d51121